000 00447nam a2200157 i 4500
001 42083
003 ES-MaACL
005 20230906160538.0
007 t|
008 030312s1967 sp ||||1| spa d
100 1 _aCastañón, Jesús.
_936443
245 1 0 _aPirueta blanca... /
_cJesús Castañón.
260 _aPalencia :
_b[s.n.,
_c1967] (
_fImp. Merino)
300 _a56 p., 3 lám. :
_bil. ;
_c22 cm.
852 _aES-MaACL
_j2056-F-22
_bR.62153
999 _c42083
_d42083